000 00871nam a22002537a 4500
001 BR7705591
003 BR-BrBNA
005 20230928085450.0
007 ta
008 230509b bl.||||| |||| 00| 0 por d
040 _aBR-BrBNA
_bpor
_cBiblioteca Nacional de Agricultura
041 _a(Por)
072 _aE30
_b/G514
090 _ E30 BR7705591
110 1 _aComissao Estadual de Planejamento Agricola, Porto Alegre, RS (Brasil)
_92057
245 1 _aSubsidios ao plano de desenvolvimento economico - setor agricola [Rio Grande do Sul, Brasil]
260 3 _aPorto Alegre, RS (Brasil):
_c1977.
300 _a27 p.
500 _a(*) Documento disponível no(a) Comissao Estadual de Planejamento Agricola, Porto Alegre, RS (Brazil)
650 _aPOLITICA DE DESENVOLVIMENTO
650 _aRIO GRANDE DO SUL
909 _a202309
_bLucia
_c55
_dLucia Elande
942 _cBK
999 _c24573
_d24573